000 00704nam a2200181Ia 4500
008 100921s9999 xx 000 0 und d
082 _b33212
_a745.5 0
100 _aमिस्त्री निर्मला सी.
245 _aभरतकाम डिझाइ्रन्स.
260 _bनवनीत प्रकाशन, अहमदाबाद.
_c0
300 _a135
_bशिदोरे श्रीकृष्ण.
365 _b60
520 _aकला-हस्तकला.
630 _aभरतकाम डिझाइ्रन्स.
650 _aकला-हस्तकला.
730 _aभरतकाम डिझाइ्रन्स.
942 _cBOOK
999 _c782325
_d782322